| 000 | 00776nam a2200253 a 4500 | ||
|---|---|---|---|
| 001 | 36435 | ||
| 003 | BD-RjUL | ||
| 005 | 20211209052503.0 | ||
| 008 | 140623s1985 ru 000 0 eng | ||
| 035 | _a(BD-RjUL)36532 | ||
| 040 |
_aDLC _cDLC _dDLC _dBD-RjUL _beng |
||
| 041 | 1 |
_aeng _hrus |
|
| 082 | 0 | 0 |
_a325.32 _220 _bIMP 1985 |
| 245 | 1 | 0 |
_aImperialism condemned / _ccompiled by Vladimir Brodetsky. |
| 260 |
_aMoscow : _bNovosti Press Agency Pub. House, _c1985. |
||
| 300 |
_a109 p. ; _c20 cm. |
||
| 500 | _aTitle on colophon: Obvini︠a︡etsi︠a︡ imperializm. | ||
| 650 | 0 |
_aImperialism. _9110884 |
|
| 700 | 1 |
_aBrodetsky, Vladimir. _9110885 |
|
| 740 | 0 | _aObvini︠a︡etsi︠a︡ imperializm. | |
| 942 |
_2ddc _cBK |
||
| 999 |
_c36435 _d36435 |
||